Comparison of cure characteristics of rubbers in rotor and rotorless rheometers (Record no. 55992)

MARC details
000 -LEADER
fixed length control field 00550nam a2200145Ia 4500
100 ## - MAIN ENTRY--AUTHOR NAME
Personal name Ahmad A
245 #0 - TITLE STATEMENT
Title Comparison of cure characteristics of rubbers in rotor and rotorless rheometers
260 ## - PUBLICATION, DISTRIBUTION, ETC. (IMPRINT)
Name of publisher Natural Rubber: Current Developments in Product Manufacture and Applications: Proceedings of the International Rubber Technology Conferencce, Kuala Lumpur, 1993; p212-228
Year of publication 1993
650 ## - SUBJECT ADDED ENTRY--TOPICAL TERM
Topical Term Cure characteristics
650 ## - SUBJECT ADDED ENTRY--TOPICAL TERM
Topical Term Rheometer
650 ## - SUBJECT ADDED ENTRY--TOPICAL TERM
Topical Term Rubber
700 ## - ADDED ENTRY--PERSONAL NAME
Personal name Soo L H
942 ## - ADDED ENTRY ELEMENTS (KOHA)
Koha item type Journals
Holdings
Withdrawn status Lost status Damaged status Not for loan Home library Current library Shelving location Date acquired Koha item type
      Journals RRII Library RRII Library Rubber chemistry 17/12/2021 Journals